MARC

LEADER 00000nam0a2200000 4500
001 321076
005 20231102003335.0
035 |a (RuTPU)RU\TPU\book\346607 
090 |a 321076 
100 |a 20160812d1975 km y0rusy50 ca 
101 0 |a rus 
102 |a RU 
105 |a a z 001zy 
200 1 |a Химическая связь в координационных соединениях  |f Е. М. Шусторович  |g Народный университет 
210 |a Москва  |c Знание  |d 1975 
215 |a 109 с.  |c ил. 
320 |a Библиогр.: с. 107-108 
606 1 |a Комплексные соединения  |x Химическая связь  |2 stltpush  |3 (RuTPU)RU\TPU\subj\75503  |9 87254 
610 1 |a координационные соединения 
610 1 |a квантовомеханические основы 
610 1 |a переходные элементы 
610 1 |a непереходные элементы 
610 1 |a транс-влияние 
610 1 |a водородная связь 
610 1 |a металлорганические соединения 
610 1 |a библиотека А. Г. Стромберга 
675 |a 546-386  |v 4 
700 1 |a Шусторович  |b Е. М.  |g Евгений Меерович 
712 0 2 |a Народный университет  |c (Москва)  |2 stltpush  |3 (RuTPU)RU\TPU\col\18212  |9 26939 
801 1 |a RU  |b 63413507  |c 20160812 
801 2 |a RU  |b 63413507  |c 20171108  |g RCR 
942 |c BK